000 00638nam a22002057a 4500
003 OSt
005 20250620033243.0
008 250620b |||||||| |||| 00| 0 eng d
020 _a978-621-478-036-5
040 _aDWCL-Main Lib
_cOC
082 _aFil. 371.1 L839t 2023
100 _aLomibao, Gela M.
245 _aThe teaching profession/
_cGela M. Lomibao
260 _aManila, Philippines:
_bEDRIC Publishing House,
_cc2023.
300 _a104 pages:
_billustrations;
_c25cm.
504 _aIncludes bibliographical references.
650 _a1. Teachers
650 _a2. Teaching--vocational guide
942 _2ddc
_cBK - FIL
_kFil.
_n0
999 _c3189
_d3189